[Event "Belaya Kalitva"]
[Site "Belaya Kalitva"]
[Date "2007.10.21"]
[Round "8.44"]
[White "Morozov, Oleg"]
[Black "Lukjanchenkov, Petr"]
[Result "0-1"]
[WhiteElo "2260"]
[BlackElo "2231"]
[PlyCount "72"]
[EventDate "2007.10.16"]
[EventType "tourn"]
[EventRounds "11"]
[EventCountry "RUS"]
[SourceTitle "EXT 2022"]
[Source "ChessBase"]
[SourceDate "2021.10.06"]
[SourceVersion "1"]
[SourceVersionDate "2021.10.06"]
[SourceQuality "1"]

1. d4 Nf6 2. c4 e6 3. Nc3 Bb4 4. Qb3 c5 5. dxc5 Qa5 6. Bd2 Qxc5 7. e3 0-0 8. Nf3 Nc6 9. Nb5 Bxd2+ 10. Nxd2 d5 11. Rc1 a6 12. Na3 b5 13. Qd1 dxc4 14. Be2 Bb7 15. Bf3 Rad8 16. Nab1 Qb6 17. 0-0 Rd7 18. a3 Rfd8 19. Qc2 Ne5 20. Bxb7 Qxb7 21. Rcd1 Nd3 22. b3 cxb3 23. Nxb3 Qb6 24. Nd4 Ne5 25. Rfe1 Nc4 26. a4 Nd5 27. Qe4 Nd6 28. Qe5 Nc4 29. Qe4 e5 30. Nf3 Nf6 31. Qf5 g6 32. Qg5 Ne4 33. Qh4 f5 34. Qh6 Qf6 35. h4 Qg7 36. Qxg7+ Kxg7 0-1